Statistiche per Personaggi serie TV - n. 2

Clicka qui per fare il quiz!

Statistiche generali

  • Questo quiz è stato fatto 58 volte
  • Il punteggio medio è 7 su 20

Statistiche sulle risposte

PersonaggioSerie% Corretto
Sheldon CooperThe Big Bang Theory
82%
Barney StinsonHow I Met Your Mother - E alla fine arriva mamma
76%
Jessica FletcherLa signora in giallo
73%
Gennaro SavastanoGomorra
71%
Stefan SalvatoreThe Vampire Diaries
57%
Phil DunphyModern Family
51%
Joey PotterDawson’s Creek
35%
Carry BradshawSex and the City
33%
A-TrainThe Boys
33%
Frank UnderwoodHouse of Cards
29%
CinqueThe Umbrella Academy
29%
LeelaFuturama
27%
Michaela StoneManifest
27%
Dana ScullyX-Files
27%
Patrick JaneThe Mentalist
20%
Randall PearsonThis is Us
20%
Lady Mary CrawleyDownton Abbey
18%
Piper ChapmanOrange is the New Black
18%
Sam WinchesterSupernatural
14%
Kenny McCormickSouth Park
10%

Distribuzione punteggi

Percentile per numero di risposta

Percentuale di utenti per punteggio

I tuoi punteggi nel tempo

Non hai fatto questo quiz